[Event "Stay Safe Play From Home 277"]
[Site "Emanuel Lasker Arena"]
[Date "2020.07.05"]
[Round "1"]
[White "Popovic Milan"]
[Black "Little champs"]
[Result "0-1"]
[WhiteElo "2642"]
[BlackElo "2219"]
[Annotator "TA"]
[PlyCount "124"]
[EventDate "2020.07.05"]
[EventType "swiss (blitz)"]

{[%evp 11,124,21,63,56,226,259,243,226,281,279,279,270,256,0,27,0,27,9,362,66,603,595,776,777,1558,1508,1362,309,321,325,360,290,272,272,289,186,185,157,182,169,332,174,183,-262,162,156,158,120,164,164,154,137,173,171,212,169,169,163,213,203,222,229,364,-282,-218,-281,-285,-280,-275,-277,-260,-264,-247,-312,-310,-346,-321,-1233,-1222,-3013,-4388,-1624,-1035,-1187,-1332,-29979,-1053,-29981,-29982,-29982,-29983,-29983,-29984,-29984,-29983,-29984,-12844,-29984,-29984,-29984,-29984,-29988,-29989,-29991,-29988,-29988,-29989,-29992,-29993,-29994,-12850,-29990,-12850,-12850,-12850]} 1. e4 c6 2. d4 d5 3. f3 dxe4 4. fxe4 e5 5. Nf3 exd4 6. Bc4 Bb4+ 7. c3 {B12: Caro-Kann: Advance Variation.} dxc3 $2 {[#]} (7... Ba5 $14) 8. Bxf7+ $1 $18 {[%mdl 512]} Ke7 (8... Kxf7 $2 9. Qxd8 cxb2+ 10. Kd1 $18) 9. Qb3 {White is clearly better.} (9. bxc3 Qxd1+ 10. Kxd1 Kxf7 $11) 9... cxb2+ 10. Qxb4+ Kxf7 11. Bxb2 Nf6 {[#]} 12. Ng5+ $146 (12. Qc4+ $18 Ke8 13. O-O) ({Predecessor:} 12. Qc4+ Ke8 13. O-O Nbd7 14. Ng5 Qe7 15. Ba3 c5 16. Nc3 Ne5 17. Qb5+ Bd7 18. Qxb7 {½-½ (31) Hatzl,J (2125)-Ofner,M (1897) Austria 2013}) 12... Kg6 $11 {Threatens to win with ...Qd3.} 13. Nf3 {Hoping for Ne5+.} (13. Nd2 $5 {[%cal Rh2h4]}) 13... Re8 14. O-O {And now e5 would win.} Rxe4 $2 {[%mdl 8192]} (14... Qb6+ $1 $11 {and Black has nothing to worry.} 15. Qxb6 axb6) 15. Ne5+ $2 ({Much less strong is} 15. Bxf6 Rxb4 16. Bxd8 Re4 $18) (15. Qc3 $18) 15... Kh6 $2 {[%mdl 8192]} (15... Rxe5 $14 16. Bxe5 Qb6+ 17. Qxb6 axb6) 16. Nf7+ Kg6 {[#]} 17. Rxf6+ $1 {[%mdl 576] Remove Defender} Qxf6 (17... gxf6 18. Qxe4+) 18. Qxe4+ Qf5 19. Qxf5+ $2 (19. Ne5+ Kf6 20. Qh4+ Ke6 21. Nd2) 19... Bxf5 $18 20. Nd6 Na6 21. Nxf5 Kxf5 22. Nd2 Kg6 23. Ne4 Rd8 24. Bc3 Rd3 25. Rc1 Nc7 $2 (25... Rd5 {was called for.} 26. Re1 Nc5 27. Nxc5 Rxc5) 26. Kf2 (26. Nc5 $142 Rd5 27. Nxb7) 26... Nd5 27. Ke2 $4 {[%mdl 8192]} (27. Bb2 $18 {and all is fine.}) 27... Nf4+ $4 {[%mdl 8192] [#]} (27... Re3+ $19 {avoids the disaster.} 28. Kf2 Rxe4) 28. Kf1 $1 Re3 29. Nf2 {Strongly threatening Bd2.} Re6 30. Bd2 Nd5 31. g3 Rd6 32. Nd3 Nc7 33. Nf4+ Kf7 34. Ke2 Rd7 35. Be3 Re7 36. Kf3 Nd5 (36... a6 {keeps fighting.} 37. Nd3 Kg8) 37. h4 $4 {[%mdl 8192]} ({Don't take} 37. Bxa7 Nxf4 38. gxf4 Rd7 $18) (37. Nxd5 $18 {and life is good for White.} cxd5 38. Bxa7) 37... Nxe3 $19 {[%mdl 4096] Endgame KRN-KRN} 38. Rc3 Nf5 39. Rd3 g6 40. h5 g5 41. Nh3 h6 42. Nf2 Ke6 43. Ng4 Rd7 44. Rb3 $2 (44. Rc3) 44... Nd4+ {[%mdl 64] Double Attack} 45. Ke4 Nxb3 46. axb3 {KR-KN} Rh7 47. Ne3 Rf7 48. g4 Rf4+ 49. Kd3 Rf3 50. Ke4 {[#]} Rxe3+ $1 51. Kxe3 {KP-KP} c5 52. Kd3 b6 {[%cal Bb7b6,Bb6b5][%mdl 32]} 53. Ke4 Kd6 (53... b5 $142 54. Kf3 Ke5 55. Ke3 b4 56. Kd3 Kf4 57. Kc4 Kxg4 58. Kd5 Kxh5 59. Ke4 g4 60. Kd3 g3 61. Ke3 Kg4 62. Ke2 h5 63. Ke3 h4 64. Ke4 h3 65. Ke5 {[#]} c4 $1 {[%mdl 576] Promotion} 66. bxc4 b3 67. c5 b2 68. Kf6 b1=Q 69. c6 h2 70. c7 Qf5+ 71. Ke7 h1=Q 72. c8=B Qxc8 73. Kf7 Qh7+ 74. Kf6 Qcf5#) 54. Kd3 b5 55. Ke4 a5 56. Kf5 a4 57. Kg6 axb3 58. Kxh6 b2 59. Kg7 b1=Q 60. h6 Qh1 (60... Ke6 $142 61. h7 Qa1+ 62. Kh6 Qf6+ 63. Kh5 Kf7 64. h8=N+ Kg7 65. Ng6 Qxg6#) 61. Kg6 Qh4 (61... Qa1 $142 62. Kxg5 b4 63. Kh4 c4 64. g5 Qd4+ 65. Kh3 b3 66. h7 b2 67. h8=B Qxh8+ 68. Kg3 b1=Q 69. g6 Qg1+ 70. Kf3 Qf6+ {[%mdl 64] Double Attack} 71. Ke4 Qe1#) 62. h7 {[#]} Qxh7+ $1 {Accuracy: White = 48%, Black = 49%.} 0-1

[Event "Stay Safe Play From Home 277"]
[Site "Emanuel Lasker Arena"]
[Date "2020.07.05"]
[Round "1"]
[White "Broken sword"]
[Black "Bardellosport"]
[Result "1-0"]
[WhiteElo "2509"]
[BlackElo "1931"]
[PlyCount "77"]
[EventDate "2020.07.05"]
[EventType "swiss (blitz)"]

1. d4 {[%emt 0:00:01]} d5 {[%emt 0:00:01]} 2. c4 {[%emt 0:00:01]} c6 {[%emt 0:00:00]} 3. Nc3 {[%emt 0:00:00]} e6 {[%emt 0:00:01]} 4. Nf3 {[%emt 0:00:00]} f5 {[%emt 0:00:00]} 5. cxd5 {[%emt 0:00:01]} exd5 {[%emt 0:00:02]} 6. Bg5 {[%emt 0:00:00]} Nf6 {[%emt 0:00:01]} 7. e3 {[%emt 0:00:01]} Be7 {[%emt 0:00:01]} 8. Bxf6 {[%emt 0:00:00]} Bxf6 {[%emt 0:00:01]} 9. Bd3 {[%emt 0:00:00]} O-O {[%emt 0:00:01]} 10. Qc2 {[%emt 0:00:00]} g6 {[%emt 0:00:01]} 11. h4 {[%emt 0:00:01]} Rf7 {[%emt 0:00:03]} 12. h5 {[%emt 0:00:01]} Rg7 {[%emt 0:00:01]} 13. hxg6 {[%emt 0:00:01]} hxg6 {[%emt 0:00:00]} 14. O-O-O {[%emt 0:00:01]} Nd7 {[%emt 0:00:01]} 15. Rh2 {[%emt 0:00:01]} Kf7 {[%emt 0:00:02]} 16. Rdh1 {[%emt 0:00:00]} Nb6 {[%emt 0:00:02]} 17. Rh8 {[%emt 0:00:01]} Qe7 {[%emt 0:00:01]} 18. Kb1 {[%emt 0:00:03]} Bd7 {[%emt 0:00:02]} 19. Rxa8 {[%emt 0:00:02]} Nxa8 {[%emt 0:00:00]} 20. Na4 {[%emt 0:00:03]} b6 {[%emt 0:00:02]} 21. Nc3 {[%emt 0:00:01]} Nc7 {[%emt 0:00:01]} 22. Qe2 {[%emt 0:00:04]} Ne6 {[%emt 0:00:01]} 23. g3 {[%emt 0:00:01]} Ng5 {[%emt 0:00:01]} 24. Nh4 {[%emt 0:00:01]} Be6 {[%emt 0:00:02]} 25. Rf1 {[%emt 0:00:02]} c5 {[%emt 0:00:01]} 26. dxc5 {[%emt 0:00:01]} bxc5 {[%emt 0:00:00]} 27. Rd1 {[%emt 0:00:02]} c4 {[%emt 0:00:01]} 28. Bc2 {[%emt 0:00:01]} Rg8 {[%emt 0:00:01]} 29. Qd2 {[%emt 0:00:02]} Rb8 {[%emt 0:00:02]} 30. Nf3 {[%emt 0:00:01]} Qb7 {[%emt 0:00:01]} 31. b3 {[%emt 0:00:03]} cxb3 {[%emt 0:00:01]} 32. Bxb3 {[%emt 0:00:00]} a5 {[%emt 0:00:02]} 33. Nd4 {[%emt 0:00:01]} Bxd4 {[%emt 0:00:01]} 34. Qxd4 {[%emt 0:00:00]} Qb6 {[%emt 0:00:01]} 35. Qxb6 {[%emt 0:00:01]} Rxb6 {[%emt 0:00:00]} 36. Kc2 {[%emt 0:00:01]} Rd6 {[%emt 0:00:03]} 37. Nxd5 {[%emt 0:00:01]} Bxd5 {[%emt 0:00:01]} 38. Rxd5 {[%emt 0:00:00]} Kf6 {[%emt 0:00:00]} 39. Rxd6+ {[%emt 0:00:01] Bardellosport abbandona (Lag: Av=0.24s, max=1.7s)} 1-0

[Event "Stay Safe Play From Home 277"]
[Site "Emanuel Lasker Arena"]
[Date "2020.07.05"]
[Round "1"]
[White "Mepe_Nika"]
[Black "Gavi"]
[Result "1-0"]
[WhiteElo "2304"]
[BlackElo "2124"]
[PlyCount "121"]
[EventDate "2020.07.05"]
[EventType "swiss (blitz)"]

1. d4 {[%emt 0:00:01]} Nf6 {[%emt 0:00:01]} 2. Bf4 {[%emt 0:00:00]} g6 {[%emt 0:00:00]} 3. e3 {[%emt 0:00:01]} Bg7 {[%emt 0:00:00]} 4. Nf3 {[%emt 0:00:00]} d6 {[%emt 0:00:00]} 5. h3 {[%emt 0:00:00]} O-O {[%emt 0:00:01]} 6. Be2 {[%emt 0:00:00]} c5 {[%emt 0:00:00]} 7. c3 {[%emt 0:00:01]} Be6 {[%emt 0:00:01]} 8. O-O {[%emt 0:00:01]} Qb6 {[%emt 0:00:01]} 9. b3 {[%emt 0:00:01]} Rc8 {[%emt 0:00:04]} 10. Nbd2 {[%emt 0:00:01]} Nd5 {[%emt 0:00:01]} 11. c4 {[%emt 0:00:02]} Nxf4 {[%emt 0:00:01]} 12. exf4 {[%emt 0:00:00]} cxd4 {[%emt 0:00:00]} 13. Bd3 {[%emt 0:00:02]} Nc6 {[%emt 0:00:02]} 14. Re1 {[%emt 0:00:00]} Re8 {[%emt 0:00:01]} 15. Ng5 {[%emt 0:00:01]} Bd7 {[%emt 0:00:01]} 16. Qf3 {[%emt 0:00:01]} e6 {[%emt 0:00:01]} 17. Qg3 {[%emt 0:00:01]} Ne7 {[%emt 0:00:03]} 18. Qh4 {[%emt 0:00:01]} h6 {[%emt 0:00:01]} 19. Nge4 {[%emt 0:00:01]} Nf5 {[%emt 0:00:01]} 20. Nf6+ {[%emt 0:00:01]} Bxf6 {[%emt 0:00:03]} 21. Qxf6 {[%emt 0:00:00]} Qd8 {[%emt 0:00:03]} 22. Qxd8 {[%emt 0:00:02]} Raxd8 {[%emt 0:00:00]} 23. g4 {[%emt 0:00:03]} Nh4 {[%emt 0:00:02]} 24. Kh2 {[%emt 0:00:02]} Bc6 {[%emt 0:00:01]} 25. Kg3 {[%emt 0:00:02]} g5 {[%emt 0:00:02]} 26. Ne4 {[%emt 0:00:03]} Bxe4 {[%emt 0:00:01]} 27. Bxe4 {[%emt 0:00:00]} Kg7 {[%emt 0:00:00]} 28. Rad1 {[%emt 0:00:02]} f5 {[%emt 0:00:05]} 29. Bxb7 {[%emt 0:00:02]} Re7 {[%emt 0:00:02]} 30. Bd5 {[%emt 0:00:02]} fxg4 {[%emt 0:00:01]} 31. hxg4 {[%emt 0:00:02]} Rde8 {[%emt 0:00:00]} 32. Bh1 {[%emt 0:00:03]} e5 {[%emt 0:00:01]} 33. fxg5 {[%emt 0:00:01]} hxg5 {[%emt 0:00:02]} 34. Be4 {[%emt 0:00:01]} Ng6 {[%emt 0:00:01]} 35. Bxg6 {[%emt 0:00:02]} Kxg6 {[%emt 0:00:00]} 36. Rh1 {[%emt 0:00:01]} Rh7 {[%emt 0:00:02]} 37. Rxh7 {[%emt 0:00:01]} Kxh7 {[%emt 0:00:00]} 38. f3 {[%emt 0:00:01]} Kg6 {[%emt 0:00:01]} 39. b4 {[%emt 0:00:01]} Rc8 {[%emt 0:00:01]} 40. Rc1 {[%emt 0:00:00]} Rc6 {[%emt 0:00:01]} 41. a4 {[%emt 0:00:01]} Ra6 {[%emt 0:00:00]} 42. a5 {[%emt 0:00:01]} Rc6 {[%emt 0:00:00]} 43. Kf2 {[%emt 0:00:02]} Kf6 {[%emt 0:00:02]} 44. Ke2 {[%emt 0:00:01]} Ke6 {[%emt 0:00:00]} 45. Kd3 {[%emt 0:00:00]} d5 {[%emt 0:00:01]} 46. c5 {[%emt 0:00:00]} a6 {[%emt 0:00:01]} 47. b5 {[%emt 0:00:01]} axb5 {[%emt 0:00:00]} 48. Ra1 {[%emt 0:00:01]} Rxc5 {[%emt 0:00:01]} 49. a6 {[%emt 0:00:00]} Rc3+ {[%emt 0:00:00]} 50. Kd2 {[%emt 0:00:01]} Rc8 {[%emt 0:00:00]} 51. a7 {[%emt 0:00:00]} Ra8 {[%emt 0:00:00]} 52. Ra6+ {[%emt 0:00:01]} Kd7 {[%emt 0:00:00]} 53. Rg6 {[%emt 0:00:00]} Rxa7 {[%emt 0:00:01]} 54. Rg7+ {[%emt 0:00:00]} Kc6 {[%emt 0:00:00]} 55. Rxa7 {[%emt 0:00:00]} e4 {[%emt 0:00:01]} 56. Rg7 {[%emt 0:00:00]} e3+ {[%emt 0:00:00]} 57. Kd3 {[%emt 0:00:01]} Kc5 {[%emt 0:00:00]} 58. Rg6 {[%emt 0:00:00]} b4 {[%emt 0:00:00]} 59. Rxg5 {[%emt 0:00:00]} e2 {[%emt 0:00:00]} 60. Rg8 {[%emt 0:00:00]} e1=Q {[%emt 0:00:00]} 61. Rc8+ {[%emt 0:00:00] Time (Lag: Av=0.51s, max=0.8s)} 1-0

[Event "Stay Safe Play From Home 277"]
[Site "Emanuel Lasker Arena"]
[Date "2020.07.05"]
[Round "1"]
[White "Indianquant"]
[Black "Haris kollari 13"]
[Result "1-0"]
[WhiteElo "2296"]
[BlackElo "1812"]
[Annotator "NA"]
[PlyCount "77"]
[EventDate "2020.07.05"]
[EventType "swiss (blitz)"]

1. Nf3 {[%emt 0:00:01]} e6 {[%emt 0:00:00]} 2. c4 {[%emt 0:00:02]} d5 {[%emt 0:00:00]} 3. d4 {[%emt 0:00:00]} c6 {[%emt 0:00:01]} 4. Nc3 {[%emt 0:00:00]} f5 {[%emt 0:00:01]} 5. Bf4 {[%emt 0:00:01]} Nf6 {[%emt 0:00:01]} 6. e3 {[%emt 0:00:00]} Bd6 {[%emt 0:00:01]} 7. Bd3 {[%emt 0:00:00]} Bxf4 {[%emt 0:00:02]} 8. exf4 {[%emt 0:00:01]} Ne4 {[%emt 0:00:01]} 9. O-O {[%emt 0:00:01]} O-O {[%emt 0:00:01]} 10. Re1 {[%emt 0:00:00]} Nd7 {[%emt 0:00:01]} 11. Qc2 {[%emt 0:00:00]} Ndf6 {[%emt 0:00:01]} 12. Rad1 {[%emt 0:00:01]} Bd7 {[%emt 0:00:01]} 13. Ne5 {[%emt 0:00:01]} Rc8 {[%emt 0:00:01]} 14. f3 {[%emt 0:00:01]} Nd6 {[%emt 0:00:03]} 15. c5 {[%emt 0:00:00]} Nf7 {[%emt 0:00:01]} 16. b4 {[%emt 0:00:00]} Ne8 {[%emt 0:00:03]} 17. a4 {[%emt 0:00:03]} b6 {[%emt 0:00:01]} 18. Ba6 {[%emt 0:00:03]} Rc7 {[%emt 0:00:03]} 19. Re2 {[%emt 0:00:01]} Nf6 {[%emt 0:00:04]} 20. Rde1 {[%emt 0:00:01]} Be8 {[%emt 0:00:06]} 21. h3 {[%emt 0:00:05]} Qe7 {[%emt 0:00:01]} 22. g4 {[%emt 0:00:01]} fxg4 {[%emt 0:00:03]} 23. fxg4 {[%emt 0:00:00]} Nd7 {[%emt 0:00:08]} 24. Nxd7 {[%emt 0:00:05]} Bxd7 {[%emt 0:00:02]} 25. f5 {[%emt 0:00:00]} Qh4 {[%emt 0:00:02]} 26. Kg2 {[%emt 0:00:01]} exf5 {[%emt 0:00:02]} 27. gxf5 {[%emt 0:00:01]} Nh6 {[%emt 0:00:01]} 28. Qd3 {[%emt 0:00:01]} Bxf5 {[%emt 0:00:01]} 29. Qg3 {[%emt 0:00:01]} Qxg3+ {[%emt 0:00:01]} 30. Kxg3 {[%emt 0:00:00]} Be4 {[%emt 0:00:01]} 31. Nxe4 {[%emt 0:00:01]} dxe4 {[%emt 0:00:00]} 32. Rxe4 {[%emt 0:00:00]} Nf5+ {[%emt 0:00:01]} 33. Kg2 {[%emt 0:00:00]} Rcf7 {[%emt 0:00:01]} 34. Re8 {[%emt 0:00:01]} Nxd4 {[%emt 0:00:01]} 35. Rxf8+ {[%emt 0:00:01]} Rxf8 {[%emt 0:00:00]} 36. Bc4+ {[%emt 0:00:03]} Kh8 {[%emt 0:00:01]} 37. Re7 {[%emt 0:00:00]} g6 {[%emt 0:00:01]} 38. Rxa7 {[%emt 0:00:01]} Nc2 {[%emt 0:00:01]} 39. b5 {[%emt 0:00:01] Time (Lag: Av=0.75s, max=0.9s)} 1-0

[Event "Stay Safe Play From Home 277"]
[Site "Emanuel Lasker Arena"]
[Date "2020.07.05"]
[Round "1"]
[White "SoulofWolf"]
[Black "Lazieri3"]
[Result "1-0"]
[WhiteElo "2189"]
[BlackElo "2050"]
[PlyCount "97"]
[EventDate "2020.07.05"]
[EventType "swiss (blitz)"]

1. c4 {[%emt 0:00:01]} c5 {[%emt 0:00:01]} 2. Nc3 {[%emt 0:00:00]} Nc6 {[%emt 0:00:01]} 3. e3 {[%emt 0:00:00]} d6 {[%emt 0:00:01]} 4. h3 {[%emt 0:00:01]} Nf6 {[%emt 0:00:01]} 5. g4 {[%emt 0:00:02]} Be6 {[%emt 0:00:01]} 6. d3 {[%emt 0:00:01]} g6 {[%emt 0:00:01]} 7. Nge2 {[%emt 0:00:01]} h5 {[%emt 0:00:01]} 8. Nf4 {[%emt 0:00:02]} hxg4 {[%emt 0:00:02]} 9. Nxe6 {[%emt 0:00:00]} fxe6 {[%emt 0:00:01]} 10. e4 {[%emt 0:00:04]} gxh3 {[%emt 0:00:01]} 11. Rxh3 {[%emt 0:00:01]} Rxh3 {[%emt 0:00:02]} 12. Bxh3 {[%emt 0:00:00]} Qd7 {[%emt 0:00:01]} 13. Bg5 {[%emt 0:00:01]} O-O-O {[%emt 0:00:03]} 14. Qd2 {[%emt 0:00:02]} Bg7 {[%emt 0:00:01]} 15. O-O-O {[%emt 0:00:02]} Kb8 {[%emt 0:00:01]} 16. Ne2 {[%emt 0:00:03]} Rh8 {[%emt 0:00:01]} 17. Bg2 {[%emt 0:00:01]} e5 {[%emt 0:00:02]} 18. Nc3 {[%emt 0:00:01]} Nd4 {[%emt 0:00:03]} 19. Be3 {[%emt 0:00:02]} Ng4 {[%emt 0:00:03]} 20. Bxd4 {[%emt 0:00:01]} exd4 {[%emt 0:00:00]} 21. Nd5 {[%emt 0:00:01]} Nf6 {[%emt 0:00:03]} 22. Bf3 {[%emt 0:00:02]} Nxd5 {[%emt 0:00:01]} 23. cxd5 {[%emt 0:00:00]} Rh3 {[%emt 0:00:03]} 24. Qe2 {[%emt 0:00:02]} Rh2 {[%emt 0:00:01]} 25. Bg4 {[%emt 0:00:02]} Qe8 {[%emt 0:00:04]} 26. Rg1 {[%emt 0:00:01]} Qf8 {[%emt 0:00:01]} 27. Rf1 {[%emt 0:00:04]} Bh6+ {[%emt 0:00:01]} 28. Kb1 {[%emt 0:00:01]} Qf4 {[%emt 0:00:00]} 29. a3 {[%emt 0:00:01]} a5 {[%emt 0:00:03]} 30. Ka2 {[%emt 0:00:01]} Qd2 {[%emt 0:00:01]} 31. Qxd2 {[%emt 0:00:03]} Bxd2 {[%emt 0:00:00]} 32. Be6 {[%emt 0:00:01]} Kc7 {[%emt 0:00:01]} 33. Bf7 {[%emt 0:00:00]} g5 {[%emt 0:00:01]} 34. Kb3 {[%emt 0:00:00]} Bf4 {[%emt 0:00:02]} 35. Kc2 {[%emt 0:00:00]} b5 {[%emt 0:00:01]} 36. Kd1 {[%emt 0:00:00]} b4 {[%emt 0:00:01]} 37. axb4 {[%emt 0:00:02]} axb4 {[%emt 0:00:00]} 38. Ke2 {[%emt 0:00:00]} Kb6 {[%emt 0:00:01]} 39. Kf3 {[%emt 0:00:00]} Rh3+ {[%emt 0:00:02]} 40. Kg4 {[%emt 0:00:00]} Rxd3 {[%emt 0:00:01]} 41. Kf5 {[%emt 0:00:01]} Rd2 {[%emt 0:00:01]} 42. b3 {[%emt 0:00:01]} Rd3 {[%emt 0:00:01]} 43. Ke6 {[%emt 0:00:00]} Rxb3 {[%emt 0:00:00]} 44. Kxe7 {[%emt 0:00:00]} Rb2 {[%emt 0:00:00]} 45. Be8 {[%emt 0:00:02]} b3 {[%emt 0:00:00]} 46. Ba4 {[%emt 0:00:00]} Ra2 {[%emt 0:00:01]} 47. Bxb3 {[%emt 0:00:01]} Ra7+ {[%emt 0:00:01]} 48. Ke6 {[%emt 0:00:01]} Ra3 {[%emt 0:00:00]} 49. Kf5 {[%emt 0:00:00] Time (Lag: Av=0.77s, max=1.4s)} 1-0

[Event "Stay Safe Play From Home 277"]
[Site "Emanuel Lasker Arena"]
[Date "2020.07.05"]
[Round "1"]
[White "NeatFox"]
[Black "BrainThinker22"]
[Result "0-1"]
[WhiteElo "2021"]
[BlackElo "2377"]
[Annotator "NA"]
[PlyCount "102"]
[EventDate "2020.07.05"]
[EventType "swiss (blitz)"]

1. g4 {[%emt 0:00:01]} d5 {[%emt 0:00:01]} 2. Bg2 {[%emt 0:00:00]} c6 {[%emt 0:00:01]} 3. c4 {[%emt 0:00:01]} Bxg4 {[%emt 0:00:01]} 4. cxd5 {[%emt 0:00:00]} Bd7 {[%emt 0:00:03]} 5. Qb3 {[%emt 0:00:00]} Qc7 {[%emt 0:00:02]} 6. Nc3 {[%emt 0:00:01]} Nf6 {[%emt 0:00:01]} 7. d4 {[%emt 0:00:01]} a6 {[%emt 0:00:01]} 8. Nf3 {[%emt 0:00:01]} cxd5 {[%emt 0:00:00]} 9. Nxd5 {[%emt 0:00:03]} Nxd5 {[%emt 0:00:00]} 10. Qxd5 {[%emt 0:00:01]} Bc6 {[%emt 0:00:00]} 11. Qb3 {[%emt 0:00:01]} e6 {[%emt 0:00:01]} 12. e3 {[%emt 0:00:01]} h6 {[%emt 0:00:01]} 13. Rg1 {[%emt 0:00:01]} Bd6 {[%emt 0:00:01]} 14. h4 {[%emt 0:00:02]} Nd7 {[%emt 0:00:01]} 15. h5 {[%emt 0:00:01]} Nf6 {[%emt 0:00:01]} 16. Bd2 {[%emt 0:00:01]} O-O-O {[%emt 0:00:01]} 17. Rc1 {[%emt 0:00:04]} Kb8 {[%emt 0:00:01]} 18. Bb4 {[%emt 0:00:03]} Bxb4+ {[%emt 0:00:07]} 19. Qxb4 {[%emt 0:00:00]} Qd6 {[%emt 0:00:00]} 20. Qxd6+ {[%emt 0:00:08]} Rxd6 {[%emt 0:00:00]} 21. Ne5 {[%emt 0:00:03]} Be8 {[%emt 0:00:01]} 22. Nc4 {[%emt 0:00:01]} Rd7 {[%emt 0:00:02]} 23. Na5 {[%emt 0:00:01]} Nxh5 {[%emt 0:00:06]} 24. Nxb7 {[%emt 0:00:01]} Rxb7 {[%emt 0:00:00]} 25. Bxb7 {[%emt 0:00:01]} Kxb7 {[%emt 0:00:00]} 26. Rh1 {[%emt 0:00:01]} Nf6 {[%emt 0:00:01]} 27. Rg1 {[%emt 0:00:01]} g5 {[%emt 0:00:01]} 28. f3 {[%emt 0:00:01]} Bc6 {[%emt 0:00:01]} 29. Rg2 {[%emt 0:00:00]} Bxf3 {[%emt 0:00:01]} 30. Rgc2 {[%emt 0:00:00]} Nd5 {[%emt 0:00:02]} 31. Rc5 {[%emt 0:00:01]} Rd8 {[%emt 0:00:02]} 32. Kf2 {[%emt 0:00:01]} Be4 {[%emt 0:00:01]} 33. b3 {[%emt 0:00:02]} Rd7 {[%emt 0:00:01]} 34. Ke2 {[%emt 0:00:03]} Rc7 {[%emt 0:00:01]} 35. Rxc7+ {[%emt 0:00:01]} Nxc7 {[%emt 0:00:00]} 36. Rf1 {[%emt 0:00:01]} f5 {[%emt 0:00:02]} 37. Rf2 {[%emt 0:00:00]} Nd5 {[%emt 0:00:00]} 38. Rh2 {[%emt 0:00:00]} g4 {[%emt 0:00:02]} 39. Rh5 {[%emt 0:00:01]} Bf3+ {[%emt 0:00:00]} 40. Kf2 {[%emt 0:00:01]} Nc7 {[%emt 0:00:00]} 41. Rxh6 {[%emt 0:00:01]} Bd1 {[%emt 0:00:00]} 42. Rh7 {[%emt 0:00:00]} Kc6 {[%emt 0:00:02]} 43. Kg3 {[%emt 0:00:00]} Kd6 {[%emt 0:00:00]} 44. b4 {[%emt 0:00:02]} Nd5 {[%emt 0:00:00]} 45. Rh6 {[%emt 0:00:01]} Nxe3 {[%emt 0:00:00]} 46. Kf4 {[%emt 0:00:00]} Nd5+ {[%emt 0:00:01]} 47. Kg5 {[%emt 0:00:02]} g3 {[%emt 0:00:01]} 48. Rh4 {[%emt 0:00:00]} g2 {[%emt 0:00:00]} 49. Rh5 {[%emt 0:00:01]} Bxh5 {[%emt 0:00:01]} 50. Kxh5 {[%emt 0:00:01]} g1=Q {[%emt 0:00:00]} 51. Kh6 {[%emt 0:00:00]} Qg5+ {[%emt 0:00:01] Zeit (Lag: Av=0.53s, max=1.0s)} 0-1

[Event "Stay Safe Play From Home 277"]
[Site "Emanuel Lasker Arena"]
[Date "2020.07.05"]
[Round "1"]
[White "The Next Contender"]
[Black "Lnram"]
[Result "0-1"]
[WhiteElo "2021"]
[BlackElo "2432"]
[PlyCount "94"]
[EventDate "2020.07.05"]
[EventType "swiss (blitz)"]

1. d4 {[%emt 0:00:24]} d5 {[%emt 0:00:03]} 2. c4 {[%emt 0:00:00]} c6 {[%emt 0:00:01]} 3. Nc3 {[%emt 0:00:00]} Nf6 {[%emt 0:00:01]} 4. Nf3 {[%emt 0:00:00]} e6 {[%emt 0:00:01]} 5. g3 {[%emt 0:00:00]} Bd6 {[%emt 0:00:01]} 6. Bg2 {[%emt 0:00:00]} O-O {[%emt 0:00:01]} 7. O-O {[%emt 0:00:00]} Nbd7 {[%emt 0:00:01]} 8. cxd5 {[%emt 0:00:01]} exd5 {[%emt 0:00:02]} 9. Re1 {[%emt 0:00:01]} Re8 {[%emt 0:00:01]} 10. e4 {[%emt 0:00:01]} dxe4 {[%emt 0:00:01]} 11. Ng5 {[%emt 0:00:00]} Nb6 {[%emt 0:00:02]} 12. Ngxe4 {[%emt 0:00:02]} Be7 {[%emt 0:00:01]} 13. Nxf6+ {[%emt 0:00:02]} Bxf6 {[%emt 0:00:01]} 14. Rxe8+ {[%emt 0:00:01]} Qxe8 {[%emt 0:00:01]} 15. Be3 {[%emt 0:00:01]} Bf5 {[%emt 0:00:01]} 16. Qf3 {[%emt 0:00:01]} Qd7 {[%emt 0:00:01]} 17. Rd1 {[%emt 0:00:01]} Re8 {[%emt 0:00:01]} 18. Qf4 {[%emt 0:00:06]} g5 {[%emt 0:00:03]} 19. Qf3 {[%emt 0:00:01]} Bg4 {[%emt 0:00:01]} 20. Qxf6 {[%emt 0:00:01]} Bxd1 {[%emt 0:00:06]} 21. Qxg5+ {[%emt 0:00:01]} Kf8 {[%emt 0:00:02]} 22. Qh6+ {[%emt 0:00:02]} Kg8 {[%emt 0:00:01]} 23. Qg5+ {[%emt 0:00:02]} Kf8 {[%emt 0:00:01]} 24. Qh6+ {[%emt 0:00:01]} Kg8 {[%emt 0:00:01]} 25. Nxd1 {[%emt 0:00:00]} Qf5 {[%emt 0:00:02]} 26. Qg5+ {[%emt 0:00:03]} Qxg5 {[%emt 0:00:01]} 27. Bxg5 {[%emt 0:00:00]} Re1+ {[%emt 0:00:00]} 28. Bf1 {[%emt 0:00:00]} Rxd1 {[%emt 0:00:00]} 29. Kg2 {[%emt 0:00:00]} Rxd4 {[%emt 0:00:01]} 30. Be3 {[%emt 0:00:00]} Rb4 {[%emt 0:00:01]} 31. b3 {[%emt 0:00:00]} Nd5 {[%emt 0:00:01]} 32. Bd2 {[%emt 0:00:01]} Rd4 {[%emt 0:00:01]} 33. Bg5 {[%emt 0:00:00]} a5 {[%emt 0:00:01]} 34. h4 {[%emt 0:00:01]} a4 {[%emt 0:00:01]} 35. bxa4 {[%emt 0:00:00]} Rxa4 {[%emt 0:00:01]} 36. Bc1 {[%emt 0:00:02]} Rxa2 {[%emt 0:00:01]} 37. Bc4 {[%emt 0:00:01]} Rc2 {[%emt 0:00:01]} 38. Bxd5 {[%emt 0:00:00]} Rxc1 {[%emt 0:00:00]} 39. Be4 {[%emt 0:00:01]} b5 {[%emt 0:00:01]} 40. Bf3 {[%emt 0:00:00]} b4 {[%emt 0:00:00]} 41. h5 {[%emt 0:00:00]} b3 {[%emt 0:00:01]} 42. Be4 {[%emt 0:00:00]} b2 {[%emt 0:00:01]} 43. g4 {[%emt 0:00:00]} c5 {[%emt 0:00:00]} 44. Bb1 {[%emt 0:00:00]} Rxb1 {[%emt 0:00:01]} 45. Kg3 {[%emt 0:00:01]} Rc1 {[%emt 0:00:00]} 46. f3 {[%emt 0:00:00]} b1=Q {[%emt 0:00:00]} 47. Kh4 {[%emt 0:00:01]} Rh1+ {[%emt 0:00:01] Time (Lag: Av=0.85s, max=1.6s)} 0-1